| 000 | 00960nam a22002417a 4500 | ||
|---|---|---|---|
| 003 | OSt | ||
| 005 | 20260223021548.0 | ||
| 008 | 260223b |||||||| |||| 00| 0 eng d | ||
| 020 | _a978-621-04-5320-1 | ||
| 040 |
_aDWC-Main lib _cOC |
||
| 082 |
_2First edition _aFil. 640 EK36 2025 |
||
| 100 | _aUmayam, Sunshine | ||
| 245 |
_aEksploratori modyul sa edukasyong pantahanan at pangkabuhayan: _bhome economics agri-fishery arts, information and communication technology, industrial arts, at entrepreneurship/ _cSunshine Umayam |
||
| 250 | _aFirst edition | ||
| 260 |
_aManila, Philippines: _bRex Book Store, _cc2025. |
||
| 300 |
_aviii, 346 pages: _b illustrations; _c 25 cm. |
||
| 504 | _aIncludes bibliographical references and index. | ||
| 650 | _a1. Home economics and livelihood. | ||
| 700 | _aAlangelico O. San Pascual | ||
| 700 | _aMaurice B. Gravidez | ||
| 700 | _aRowena P. De Guzman | ||
| 942 |
_2ddc _cBK - FIL _e First edition _kFil. _n0 |
||
| 999 |
_c8488 _d8488 |
||